Largest Company City Headquarters - Statistics

General Stats
  • This quiz has been taken 862 times
  • The average score is 19 of 48
Answer Stats
Corporation City % Correct
J.P. Morgan Chase & Co New York
95%
Amazon.com Seattle
88%
AT&T Dallas
87%
General Motors Detroit
86%
Wells Fargo San Francisco
86%
Phillips 66 Houston
85%
Boeing Chicago
83%
Home Depot Atlanta
75%
Comcast Philadelphia
71%
Las Vegas Sands Las Vegas
69%
Fannie Mae Washington
69%
Target Minneapolis
66%
Qualcomm San Diego
66%
Whole Foods Market Austin
62%
United States Steel Pittsburgh
59%
Cisco Systems San Jose
57%
Bank of America Corp. Charlotte
54%
FedEx Memphis
54%
Valero Energy San Antonio
54%
Express Scripts Holding St. Louis
46%
Procter & Gamble Cincinnati
45%
Wellpoint Indianapolis
43%
Berkshire Hathaway Omaha
40%
CSX Jacksonville
33%
Apple Cupertino
30%
Yum Brands Louisville
28%
Prudential Financial Newark
28%
Wal-Mart Bentonville
26%
Hewlett-Packard Palo Alto
26%
Carmax Richmond
26%
3M St. Paul
24%
United Technologies Hartford
22%
Goodyear Tire & Rubber Akron
20%
Google Mountain View
18%
Microsoft Redmond
18%
Kellogg Battle Creek
17%
Ford Motor Dearborn
17%
Dupont Wilmington
16%
Nike Beaverton
13%
Walt Disney Burbank
12%
Exxon Mobil Irving
6%
International Business Machines Armonk
5%
McDonald's Oak Brook
5%
Chevron San Ramon
5%
BB&T Corp. Winston-Salem
5%
Johnson & Johnson New Brunswick
4%
General Electric Fairfield
2%
Freddie Mac McLean
2%
No matching quizzes found
Score Distribution
Percent of People with Each Score
Percentile by Number Answered
Your Score History
You have not taken this quiz